000 00595nam a2200217Ia 4500
005 20221124113048.0
008 131103s9999 xx 000 0 und d
020 _a195633423
_cRs. 80
040 _aLoreto College
041 _aEnglish
082 _a954.01
_bTHA
100 _aThapar,Romila
245 _aInterpreting early India
_cRomila Thapar
260 _aDelhi
_bOxford University Press
_cc 1992
300 _aviii,181 p.
504 _aIncludes index and bibliographical references
650 _aEarly India - History
651 _aIndian History
850 _aLCLIB
942 _cBK
999 _c8948
_d59427